Elton John - Rocket Man Lyrics Quiz - Statistics

General Stats
  • This quiz has been taken 1,249 times
  • The average score is 203 of 267
Answer Stats
Lyrics % Correct
A
98%
I
98%
Man
95%
Rocket
95%
Be
92%
The
92%
I'm
91%
It's
90%
Then
90%
And
89%
Gonna
89%
Long
88%
Time
88%
To
88%
AM
87%
Am
87%
My
86%
Think
85%
No
84%
As
77%
In
77%
Oh
77%
High
76%
Me
76%
At
75%
Flight
74%
Not
74%
Out
74%
Nine
73%
Packed
73%
Space
72%
Zero
72%
Bags
71%
By
71%
Miss
71%
Night
71%
So
71%
Wife
71%
You
71%
Kite
70%
Last
70%
Touchdown
70%
Brings
69%
Home
69%
Hour
69%
She
69%
They
69%
Earth
68%
Burning
66%
Lonely
66%
On
65%
Til
65%
Much
64%
Pre
64%
Of
61%
Cold
59%
Raise
59%
Your
59%
Hell
58%
Kids
58%
All
57%
Round
57%
There
57%
Find
56%
Place
56%
Such
55%
Again
54%
Mars
54%
If
53%
Fact
52%
Them
52%
Ain't
51%
Up
51%
Here
50%
Kind
50%
Alone
49%
Did
49%
Just
49%
Timeless
49%
Days
47%
Don't
47%
Five
47%
There's
46%
Understand
46%
Week
46%
Job
45%
Noone
44%
Fuse
42%
Science
40%
His
37%
This
33%
Till
30%
No matching quizzes found
Score Distribution
Percent of People with Each Score
Percentile by Number Answered
Your Score History
You have not taken this quiz